Las llaves invisibles
Guardat en:
| Autor principal: | |
|---|---|
| Format: | Llibre |
| Idioma: | espanyol |
| Publicat: |
Santiago
Zig-Zag
1946
|
| Col·lecció: | Biblioteca de Escritores Chilenos, 17
|
| Matèries: | |
| Etiquetes: |
Afegir etiqueta
Sense etiquetes, Sigues el primer a etiquetar aquest registre!
|
MARC
| LEADER | 00000nam a2200000 a 4500 | ||
|---|---|---|---|
| 001 | UCQ6918 | ||
| 003 | CL-VaPUC | ||
| 008 | 981023e19460000CL |||||||||||||||||spa|d | ||
| 082 | 0 | 4 | |a Ch863 |b VAL |2 21 |
| 100 | 0 | |a Valle, Rosamel del |e author |9 420842 | |
| 245 | 1 | 4 | |a Las llaves invisibles |
| 300 | |a 100 p | ||
| 942 | |c BK | ||
| 945 | |d 19981023 00:00:00 |a crobeson | ||
| 260 | |a Santiago |b Zig-Zag |c 1946 | ||
| 650 | 0 | |a Cuentos chilenos |9 308280 | |
| 650 | 0 | |a Literatura chilena |9 308278 | |
| 583 | |a last modification |c 19981023 00:00:00 |k Rodrigo Vera | ||
| 490 | 0 | |a Biblioteca de Escritores Chilenos, 17 | |
| 999 | |c 276815 |d 276813 | ||
| 952 | |0 0 |1 0 |4 0 |6 CH_863_000000000000000_VAL_1946 |7 0 |8 A |9 314297 |a BIBEDU |b BIBEDU |d 2019-11-20 |i 1486306 |o Ch863 VAL 1946 |p 1486306 |r 2019-11-20 |w 2019-11-20 |y BK |k LIT | ||